Manual de tratamiento de archivos administrativos / María Luisa Conde Villaverde
ISBN:
84-7483-879-7
Descripción Física:
103 p. ; 20 cm
Otros Autores:
Espanya. Dirección de Archivos Estatales
MARC
| LEADER | 00000nam a2200000Ia 4500 | ||
|---|---|---|---|
| 001 | 13584 | ||
| 008 | 160829s1992 xx 000 0 cat d | ||
| 020 | |a 84-7483-879-7 | ||
| 080 | |a A-2-129 | ||
| 100 | |a Conde Villaverde, Ma. Luisa |9 31948 | ||
| 245 | |a Manual de tratamiento de archivos administrativos / María Luisa Conde Villaverde | ||
| 260 | |a Madrid : |b Dirección de Archivos Estatales, |c 1992 | ||
| 300 | |a 103 p. ; |c 20 cm | ||
| 490 | |a Normas técnicas de la Dirección de Archivos Estatales ; 2 | ||
| 590 | |a Vocabulari | ||
| 650 | |a Administració pública |x Arxius |x Organització |9 31949 | ||
| 650 | |a Arxius |x Organització |9 31950 | ||
| 700 | |a Espanya. Dirección de Archivos Estatales |9 35025 | ||
| 901 | |a Arxiu | ||
| 942 | |n 1 | ||
| 952 | |0 0 |1 0 |4 0 |6 A2129 |7 1 |9 45814 |a Arxiu |b Arxiu |d 2016-12-01 |l 0 |o A-2-129 |p 13584 |r 2016-12-01 00:00:00 |w 2016-12-01 |y ARXIU | ||
| 999 | |c 49314 |d 49314 | ||